00840nam a2200169 a 450000100100000000500170001000800410002704000250006808200140009311001090010724500830021626001020029930000220040195201120042395201180053599900170065300002884120200930055154.0110412s2010 dr 000 0 spa d aDO-SdBNPbspacBNPHU axxxbxxxx2 aRepública DominicanabMinisterio de EducaciónbVice ministerio de Participación Comunitaria95582910aMetodología de relación escuela comunidad, apoyando la escuela efectiva /. aSanto Domingo :bPrograma de Iniciativas Locales de la Sociedad Civil,c2010fImpresora Mediabyte a38 p. : ;c28 cm. 0010718PDaPDbPDcCTd2011-04-12iLF1l0oxxx xxxxp28841-10r2020-06-25w2020-06-25yLFPDZNo se presta 0010718PDaPDbPDcCTd2019-05-29iLF1l0oxxx xxxxp28841-20r2020-06-25te. 2w2020-06-25yLFPDZNo se presta c28333d28333